000 00665nam a2200253Ia 4500
003 OSt
005 20221007105020.0
006 a|||||r|||| 00| 0
007 ta
008 221006b |||||||| |||| 00| 0 eng d
024 _a17,374
037 _cTextual
040 _aLCO
_cLCO
_beng
041 _2eng
_aeng
082 _aZ2,2,414, M4
100 _aAggarwal A.K
_9262789
245 0 _aCommentary on the Indian Trusts Act,1882
250 _a1st
260 _aNew
_bDelhi Metropolitan Book Company India
_c1984
300 _a816
650 _aTRUSTS
_9706423
942 _hZ2,2,414, M4
_cTEXL
999 _c1186937
_d1186937